El guion en emisiones informativas / (Record no. 1404)

MARC details
000 -LEADER
campo de control de longitud fija 00742cam a2200241 4500
001 - NÚMERO DE CONTROL
campo de control 3606
005 - FECHA Y HORA DE LA ÚLTIMA TRANSACCIÓN
campo de control 20230404125629.0
008 - DATOS DE LONGITUD FIJA--INFORMACIÓN GENERAL
campo de control de longitud fija 060907n1989 cu spa
020 ## - NÚMERO INTERNACIONAL ESTÁNDAR DEL LIBRO
Número Internacional Estándar del Libro 9591200587
035 ## - NÚMERO DE CONTROL DEL SISTEMA
-- funglode3625
041 ## - CÓDIGO DE IDIOMA
Código de lengua del texto/banda sonora o título independiente spa
050 14 - SIGNATURA TOPOGRÁFICA DE LA BIBLIOTECA DEL CONGRESO
Número de clasificación CD F 00574
100 ## - ENTRADA PRINCIPAL--NOMBRE DE PERSONA
Nombre de persona López ´lvarez, Roberto
245 13 - MENCIÓN DEL TÍTULO
Título El guion en emisiones informativas /
Mención de responsabilidad, etc. Roberto López ´lvarez
260 ## - PUBLICACIÓN, DISTRIBUCIÓN, ETC.
Lugar de publicación, distribución, etc. La habana :
Nombre del editor, distribuidor, etc. Editorial Pablo de la Torriente,
Fecha de publicación, distribución, etc. 1989
300 ## - DESCRIPCIÓN FÍSICA
Extensión 91 p.
440 ## - MENCIÓN DE SERIE/PUNTO DE ACCESO ADICIONAL--TÍTULO
Título Técnicas de periodismo
650 #0 - PUNTO DE ACCESO ADICIONAL DE MATERIA--TÉRMINO DE MATERIA
Término de materia o nombre geográfico como elemento de entrada Television broadcasting of news
Subdivisión de forma Handbooks, manuals, etc.
650 #0 - PUNTO DE ACCESO ADICIONAL DE MATERIA--TÉRMINO DE MATERIA
Término de materia o nombre geográfico como elemento de entrada Television broadcasting of news
Subdivisión geográfica Cuba.
653 ## - TÉRMINO DE INDIZACIÓN--NO CONTROLADO
Término no controlado Televisión
-- Programas
-- Guiones.
653 ## - TÉRMINO DE INDIZACIÓN--NO CONTROLADO
Término no controlado Periodismo cubano.
942 ## - ELEMENTOS DE ENTRADA SECUNDARIOS (KOHA)
Fuente del sistema de clasificación o colocación Clasificación de Library of Congress
Tipo de ítem Koha
Holdings
Estatus retirado Estado de pérdida Fuente del sistema de clasificación o colocación Estado de daño No para préstamo Colección Biblioteca de origen Biblioteca actual Ubicación en estantería Fecha de adquisición Serial enumeration / chronology Total checkouts Signatura topográfica completa Código de barras Visto por última vez Copia número Precio de reemplazo Tipo de ítem Koha
    Clasificación de Library of Congress     Referencia Biblioteca Juan Bosch Biblioteca Juan Bosch Colección Documental (Referencia, 1er. Piso) 23/10/2018 1   CD F 00574 00000002521 23/10/2018 1 23/10/2018